| Tag |
First Indicator |
Second Indicator |
Subfields |
| LEADER |
00000nam a2200000 4500 |
| 001 |
in00004228317 |
| 005 |
20200806095357.0 |
| 006 |
m g d |
| 007 |
cr bn |||a|bb| |
| 008 |
910108s1614 enk o 00| | eng d |
| 035 |
|
|
|a (UnM)99839766
|
| 037 |
|
|
|a CL0036000037
|b ProQuest. 789 E. Eisenhower Parkway, Ann Arbor, MI 48108-3218
|
| 040 |
|
|
|a Cu-RivES
|c Cu-RivES
|d CStRLIN
|e dcrb
|d WaOLN
|
| 100 |
1 |
|
|a Heresbach, Conrad,
|d 1496-1576.
|
| 240 |
1 |
0 |
|a Rei rusticae libri quatuor.
|l English
|
| 245 |
0 |
4 |
|a The vvhole art and trade of husbandry :
|b Contained in foure bookes. Viz: I. Of earable-ground, tillage, and pasture. II. Of gardens, orchards, and vvoods. III. Of feeding, breeding, and curing of all manner of cattell. IIII. Of poultrie, fowle, fish, and bees. Enlarged by Barnaby Googe, Esquire.
|
| 246 |
2 |
|
|a Rei rusticae libri quatuor.
|
| 246 |
2 |
|
|a Whole art and trade of husbandry.
|
| 260 |
|
|
|a London :
|b Printed by T[homas] S[nodham] for Richard More, and are to be sould at his shop in S. Dunstanes Church yard in Fleetstreet,
|c 1614.
|
| 300 |
|
|
|a 1 online resource ([11], 183, [1] leaves
|
| 336 |
|
|
|a text
|b txt
|2 rdacontent
|
| 337 |
|
|
|a computer
|b c
|2 rdamedia
|
| 338 |
|
|
|a online resource
|b cr
|2 rdacarrier
|
| 500 |
|
|
|a A translation of: Rei rusticae libri quatuor.
|
| 500 |
|
|
|a Printer's name from STC.
|
| 500 |
|
|
|a Includes index.
|
| 500 |
|
|
|a The last leaf is blank.
|
| 500 |
|
|
|a Reproduction of the original in the Henry E. Huntington Library and Art Gallery.
|
| 510 |
4 |
|
|a STC (2nd edition)
|c 13201.
|
| 533 |
|
|
|a Electronic reproduction.
|b Ann Arbor, Mich. :
|c UMI,
|d 1999-
|f (Early English books online)
|n Digital version of: (Early English books, 1475-1640 ; 1351:15)
|7 s1999 miun s
|
| 650 |
|
0 |
|a Agriculture
|v Early works to 1800.
|
| 700 |
1 |
|
|a Googe, Barnabe,
|d 1540-1594.
|
| 830 |
|
0 |
|a Early English books online.
|
| 856 |
4 |
0 |
|u http://proxy.library.tamu.edu/login?url=https://search.proquest.com/docview/2248572880
|z Connect to the full text of this electronic book
|t 0
|
| 999 |
f |
f |
|s 193ef34f-4eff-3b63-854e-6bcde0c3fb1a
|i 75f47cd7-f32d-3828-b421-03a823229ce3
|t 0
|
| 952 |
f |
f |
|a Texas A&M University
|b College Station
|c Electronic Resources
|d Available Online
|t 0
|h No information provided
|
| 998 |
f |
f |
|t 0
|l Available Online
|